Gücü besleyen mimarlık: Osmanlı imaretleri / (Record no. 15909)

MARC details
000 -BAŞLIK
Sabit Uzunlukta Kontrol Alanı 00828nam a22002297a 4500
999 ## - SİSTEM KONTROL NUMARALARI (KOHA)
Koha Biblionumber 15909
Koha Biblioitemnumber 15909
003 - KONTROL NUMARASI IDENTIFIER
Denetim Alanı MIRAKIL
005 - SON İŞLEM TARİHİ VE ZAMANI
Denetim Alanı 20240419151727.0
008 - SABİT-BOY VERİ ELEMANLARI - GENEL BİLGİLER
Sabit Uzunlukta Kontrol Alanı 240419b tu ||||| |||| 00| 0 tur d
020 ## - ULUSLARARASI STANDART KİTAP NUMARASI
Uluslararası Standart Kitap Numarası 9789751752260
040 ## - KATALOGLAMA KAYNAK
Orijinal Kataloglama Ajansı TR-AnCHP
Metne Dönüştürmek Ajansı TR-AnCHP
041 ## - DİL KODU
Metin / Ses Parça Veya Ayrı Başlığın Dil Kodu tur
082 ## - DEWEY ONLU SINIFLANDIRMA NUMARASI
Sınıflandırma Numarası 956.1015
Ürün Numarası B82g 2022
100 ## - ANA GİRİŞ - KİŞİSEL İSİM
Kişisel Ad Budak, Ayşe
245 10 - BAŞLIK TABLOSU
Başlık Gücü besleyen mimarlık: Osmanlı imaretleri /
Sorumluluk Tablosu, Vb Ayşe Budak
246 ## - UNVAN FORM VARYING
Başlık Doğru / Kısa Başlığı Osmanlı imaretleri
260 ## - YAYIN, DAĞITIM, VB
Yayın, Dağıtım, Vb Yeri Ankara :
Yayıncı, Dağıtıcı, Vs Adı Türk Tarih Kurumu,
Yayın, Dağıtım, Vb Tarihi 2022.
300 ## - FİZİKSEL TANIM
Kapsam viii, 486 sayfa :
Diğer Fiziksel Ayrıntıları fotoğraf, şekil, tablo ;
Boyutlar 28 cm.
490 0# - SERİSİ TABLOSU
Seri Beyanı Atatürk Kültür, Dil ve Tarih Yüksek Kurumu Türk Tarih Kurumu yayınları ;
Hacim / Ardışık Tanımı IV/A-2-2.9.dizi-sayı: 10
650 #0 - KONU KATMA GİRİŞ - TOPİKAL DÖNEM
9 (RLIN) 7990
Topikal Süreli Veya Coğrafi Ad Giriş Elemanı İmarethaneler
856 ## - ELEKTRONİK YER VE ERİŞİM
Kamu Notu Dijital Nüshası için Partimizin Kütüphane Sorumlusu ile iletişime geçiniz.
942 ## - EKLENDİ GİRİŞ ELEMANLARI (KOHA)
Sınıflandırma Veya Raf Düzeni Kaynak Dewey Decimal Classification
Koha Öğesi Türü Books
Holdings
Kalıcı Konum Mevcut Konum Edinme Tarihi Toplam Check-Out'Lar Tam Çağrı Numarası Barkod Tarih Son Görülme İtibaren Geçerli Fiyatlar Koha Öğesi Türü
CHP Kütüphanesi CHP Kütüphanesi 04/19/2024   956.1015 B82g 2022 21860 04/19/2024 04/19/2024 Books